00252nam a2200097Ia 4500008004100000100000900041245003700050260004300087942000700130999001700137190216s9999||||xx |||||||||||||| ||und|| aNull 0aHindi-Abibakth Vyavaharika Hindi bSahithya Pravarthaka Sahakarana Sangam cBK c16988d16988